| 000 | 01165nam a2200229Ia 4500 | ||
|---|---|---|---|
| 999 |
_c51103 _d51103 |
||
| 001 | 18060 | ||
| 003 | GE_BSU | ||
| 005 | 20240118150313.0 | ||
| 008 | 181216s1959||||ge |||||||||||||| ||geo|| | ||
| 040 | _cGE_BSU | ||
| 041 | _ageo | ||
| 080 | _a811.353(058) ქ-27 | ||
| 245 |
_aქართველურ ენათა სტრუქტურის საკითხები : _bკრებული. ტ.1 / _cრედ. ვ. თოფურია, ა. კიზირია; საქ. სსრ მეცნ. აკად., ენათმეცნიერების ინ-ტი. |
||
| 264 |
_aთბილისი : _bსაქ. სსრ მეცნ. აკად., ენათმეცნიერების ინ-ტი, _c1959. |
||
| 300 |
_a311 გვ. ; _b26 სმ. |
||
| 501 | _aპარალ თავფურც. რუს ენ | ||
| 520 | _a.:რეზ. რუს. ენაზე. | ||
| 653 | _aქართველური ენები | ||
| 700 |
_aთოფურია, ვ. _eრედაქტორი _91040 |
||
| 700 |
_aკიზირია, ა. _eრედაქტორი _921078 |
||
| 942 |
_cBK _2udc |
||